[Event "Marseille op 2nd "]
[Site "Marseille"]
[Date "2009.12.26"]
[Round "1"]
[White "Duquesnoy, Jean Philippe"]
[Black "Bekhouche, Marion"]
[Result "1-0"]
[WhiteElo "2207"]
[BlackElo "1651"]
[PlyCount "73"]
[EventDate "2009.12.26"]
[EventType "swiss"]
[EventRounds "9"]
[EventCountry "FRA"]
[SourceTitle "CBM 134 Extra"]
[Source "ChessBase"]
[SourceDate "2010.03.03"]
[SourceVersion "1"]
[SourceVersionDate "2010.03.03"]
[SourceQuality "1"]

1. d4 d5 2. c4 e6 3. Nf3 c6 4. e3 Bd6 5. Qc2 f5 6. g3 Nf6 7. Bg2 Ne4 8. Nbd2 Nd7 9. 0-0 Ndf6 10. Ne1 0-0 11. Nd3 Ng4 12. Nf3 Qf6 13. b3 Qh6 14. h3 Ngxf2 15. Nxf2 Nxg3 16. Re1 Rf6 17. e4 Bf4 18. e5 Rg6 19. Bxf4 Qxf4 20. Nd3 Qh6 21. Qd2 Ne4 22. Qxh6 Rxh6 23. h4 b6 24. Rac1 Rg6 25. Kh2 a5 26. a4 Ba6 27. Nf4 Rh6 28. cxd5 cxd5 29. Bh3 Nf2 30. Rg1 Nd3 31. Nxd3 Bxd3 32. Rc7 Rg6 33. Rxg6 hxg6 34. Ng5 Re8 35. Rc6 b5 36. Nxe6 bxa4 37. bxa4 1-0

[Event "FRA-ch U14 Girls"]
[Site "Aix les Bains"]
[Date "2009.04.24"]
[Round "7"]
[White "Nolot, Clementine"]
[Black "Bekhouche, Marion"]
[Result "0-1"]
[WhiteElo "1659"]
[BlackElo "1638"]
[PlyCount "142"]
[EventDate "2009.04.19"]
[EventType "swiss"]
[EventRounds "9"]
[EventCountry "FRA"]
[SourceTitle "CBM 130 Extra"]
[Source "ChessBase"]
[SourceDate "2009.07.02"]
[SourceVersion "2"]
[SourceVersionDate "2009.07.15"]
[SourceQuality "1"]

1. Nf3 Nf6 2. b3 d5 3. Bb2 c5 4. e3 Nc6 5. Bb5 Qc7 6. Ne5 Bd7 7. Bxc6 Bxc6 8. 0-0 e6 9. d3 Bd6 10. f4 Rg8 11. Nd2 Nd7 12. d4 g5 13. Nxf7 g4 14. Nxd6+ Qxd6 15. dxc5 Qe7 16. c4 h5 17. f5 exf5 18. Rxf5 Qxe3+ 19. Kh1 d4 20. Qe1 0-0-0 21. Qxe3 dxe3 22. Nf1 Rge8 23. Re1 e2 24. Ng3 Nb8 25. Re5 h4 26. Rxe8 Rxe8 27. Nxe2 h3 28. Bc3 Re3 29. Bd2 Rd3 30. Bg5 hxg2+ 31. Kg1 Nd7 32. Nc1 Rf3 33. Bh4 Nxc5 34. b4 Nd3 35. Nxd3 Rxd3 36. Bf6 Rh3 37. Be5 Ra3 38. Bf6 Rxa2 39. Ra1 Rc2 40. c5 Kd7 41. Re1 Kc8 42. Rd1 b6 43. cxb6 axb6 44. Ra1 Kb7 45. Re1 Ka6 46. Rd1 Kb5 47. Re1 Kc4 48. Ra1 Rd2 49. Bg7 Rd3 50. Bb2 Rh3 51. Be5 Re3 52. Bg7 Kb3 53. Bf6 b5 54. Bg7 Kc2 55. Bf6 Kd3 56. Bd8 Bf3 57. Bf6 Ke4 58. Bh4 Re2 59. Bf6 Kd3 60. Bh4 Bb7 61. Bg5 Ke4 62. Bd8 Kf3 63. Bc7 Bd5 64. Bg3 Bc4 65. Bh4 Rc2 66. Bg3 Bf1 67. Bh4 Ke4 68. Bf6 g3 69. hxg3 Kf3 70. Be5 Rc6 71. Bb8 Rh6 0-1

[Event "FRA-ch U12 Girls"]
[Site "La Roche sur Yon"]
[Date "2008.04.26"]
[Round "8"]
[White "Navrotescu, Andreea Cristiana"]
[Black "Bekhouche, Marion"]
[Result "1-0"]
[WhiteElo "1723"]
[BlackElo "1697"]
[PlyCount "95"]
[EventDate "2008.04.21"]
[EventType "swiss"]
[EventRounds "9"]
[EventCountry "FRA"]
[SourceTitle "EXT 2010"]
[Source "ChessBase"]
[SourceDate "2010.11.25"]
[SourceVersion "1"]
[SourceVersionDate "2010.11.25"]
[SourceQuality "1"]

1. d4 d5 2. c4 e6 3. Nc3 Be7 4. Nf3 Nf6 5. Bg5 0-0 6. cxd5 exd5 7. e3 c6 8. Qc2 Be6 9. Bd3 g6 10. Bh6 Re8 11. 0-0 Qc8 12. Ne5 Bf5 13. Bxf5 Qxf5 14. Qxf5 gxf5 15. f4 Ng4 16. Nxg4 fxg4 17. f5 Bd6 18. Rae1 Nd7 19. Bf4 Bxf4 20. Rxf4 Nf6 21. b4 Rac8 22. Kf1 Rc7 23. e4 dxe4 24. Nxe4 Rxe4 25. Rexe4 Nxe4 26. Rxg4+ Kf8 27. Rxe4 Re7 28. Rxe7 Kxe7 29. Ke2 Kd6 30. Ke3 Kd5 31. Kd3 b6 32. g4 c5 33. bxc5 bxc5 34. dxc5 Kxc5 35. Ke4 Kd6 36. h4 h6 37. g5 hxg5 38. hxg5 Ke7 39. Ke5 f6+ 40. Kf4 fxg5+ 41. Kxg5 Kf7 42. a4 a5 43. f6 Kf8 44. Kf5 Kf7 45. Ke5 Ke8 46. Ke6 Kf8 47. f7 Kg7 48. Ke7 1-0

[Event "FRA-ch U12 Girls"]
[Site "La Roche sur Yon"]
[Date "2008.04.23"]
[Round "5"]
[White "Bekhouche, Marion"]
[Black "Rei Rosa, Sophie"]
[Result "1-0"]
[WhiteElo "1697"]
[BlackElo "1510"]
[PlyCount "123"]
[EventDate "2008.04.21"]
[EventType "swiss"]
[EventRounds "9"]
[EventCountry "FRA"]
[SourceTitle "EXT 2010"]
[Source "ChessBase"]
[SourceDate "2010.11.25"]
[SourceVersion "1"]
[SourceVersionDate "2010.11.25"]
[SourceQuality "1"]

1. d4 d5 2. c4 e6 3. Nc3 Nf6 4. Bg5 Be7 5. Nf3 0-0 6. e3 Nbd7 7. Bd3 dxc4 8. Bxc4 b6 9. 0-0 Bb7 10. Rc1 c5 11. dxc5 Nxc5 12. Qe2 Nce4 13. Nxe4 Nxe4 14. Bxe7 Qxe7 15. Rfd1 Rac8 16. Bb5 Rfd8 17. Rxc8 Bxc8 18. Nd4 e5 19. Nc6 Rxd1+ 20. Qxd1 Qd7 21. Qxd7 Bxd7 22. Nxa7 Be6 23. a4 Bb3 24. Nc8 Kf8 25. Nxb6 Ke7 26. Nc4 f6 27. f3 Nc5 28. a5 Ke6 29. a6 Nxa6 30. Bxa6 Kd5 31. Nd2 Ba4 32. b4 Kc6 33. Bd3 g6 34. Nb1 Bb5 35. Bxb5+ Kxb5 36. Nc3+ Kxb4 37. Nd5+ Kc4 38. Nxf6 h6 39. Kf2 g5 40. Kg3 Kd3 41. e4 Ke3 42. h4 gxh4+ 43. Kxh4 Kf2 44. Ng4+ Kxg2 45. Nxe5 h5 46. f4 Kf2 47. f5 Ke3 48. f6 Kxe4 49. f7 Kxe5 50. f8Q Ke4 51. Qc5 Kf4 52. Qd5 Ke3 53. Qc4 Kf2 54. Qd3 Kg2 55. Qe3 Kh2 56. Qh3+ Kg1 57. Kg3 h4+ 58. Kg4 Kf2 59. Qf3+ Kg1 60. Qe2 Kh1 61. Kh3 Kg1 62. Qg2# 1-0

[Event "FRA-ch U12 Girls"]
[Site "La Roche sur Yon"]
[Date "2008.04.21"]
[Round "1"]
[White "Bekhouche, Marion"]
[Black "Rouzes, Sibylle Anne"]
[Result "0-1"]
[WhiteElo "1697"]
[BlackElo "1340"]
[PlyCount "92"]
[EventDate "2008.04.21"]
[EventType "swiss"]
[EventRounds "9"]
[EventCountry "FRA"]
[SourceTitle "EXT 2010"]
[Source "ChessBase"]
[SourceDate "2010.11.25"]
[SourceVersion "1"]
[SourceVersionDate "2010.11.25"]
[SourceQuality "1"]

1. d4 c6 2. c4 d5 3. Nc3 Nf6 4. Nf3 Bf5 5. cxd5 Nxd5 6. Nxd5 cxd5 7. Qb3 Nd7 8. Qxd5 e6 9. Qb3 Bd6 10. e3 0-0 11. Be2 Nb6 12. 0-0 Qf6 13. Bd3 Bg4 14. Be4 Rab8 15. Qd3 Qh6 16. h3 Bh5 17. b3 f5 18. Bxf5 exf5 19. Qd1 Nd5 20. e4 Nf4 21. e5 Bb4 22. Kh2 Bg4 23. Bxf4 Qxf4+ 24. Kh1 Bh5 25. Rc1 Qh6 26. Qd3 g5 27. Qc4+ Bf7 28. Qxb4 g4 29. Ng1 Bd5 30. f3 gxh3 31. Nxh3 Bxf3 32. Qc4+ Kh8 33. Rxf3 Qd2 34. Rc2 Qd1+ 35. Kh2 Rg8 36. Qd3 Qe1 37. Qe2 Qb4 38. Qc4 Qe7 39. e6 Qg7 40. Re2 h6 41. e7 Rbe8 42. Rfe3 Qg4 43. Qc3 f4 44. Rf3 Qg7 45. Qd3 Rxe7 46. Rxe7 Qxg2# 0-1

[Event "FRA-ch U12 Girls"]
[Site "Le Grand Bornand"]
[Date "2007.04.??"]
[Round "6"]
[White "Bekhouche, Marion"]
[Black "Andre, Severine"]
[Result "0-1"]
[WhiteElo "1756"]
[BlackElo "1590"]
[PlyCount "110"]
[EventDate "2007.04.07"]
[EventType "swiss"]
[EventRounds "9"]
[EventCountry "FRA"]
[SourceTitle "CBM 118 Extra"]
[Source "ChessBase"]
[SourceDate "2007.07.04"]
[SourceVersion "1"]
[SourceVersionDate "2007.07.04"]
[SourceQuality "1"]

1. d4 d6 2. Nf3 Nf6 3. Bg5 Nbd7 4. c4 h6 5. Bxf6 gxf6 6. Nc3 e5 7. e3 Bg7 8. Bd3 Nf8 9. Nd2 Bd7 10. Nde4 f5 11. Ng3 e4 12. Be2 Ng6 13. f3 f4 14. exf4 Nxf4 15. 0-0 Nxe2+ 16. Ncxe2 exf3 17. Rxf3 Qe7 18. Nf5 Bxf5 19. Rxf5 0-0-0 20. Kh1 Rde8 21. Nc3 Rhf8 22. Rf1 Qh4 23. Ne2 Qe4 24. Rf2 Qe3 25. Kg1 Re4 26. Ng3 Rf4 27. Nh1 Bxd4 28. Qc2 Re8 29. Raf1 Rxf2 30. Nxf2 Qxf2+ 31. Qxf2 Bxf2+ 32. Kxf2 Kd7 33. Kg3 Rg8+ 34. Kh3 Ke6 35. g3 f5 36. Kh4 Rg4+ 37. Kh5 Rxc4 38. Kxh6 Rc2 39. h4 Rxb2 40. Kg6 Rg2 41. Rf3 c5 42. h5 f4 43. Rxf4 Rxg3+ 44. Kh7 d5 45. h6 d4 46. Rf2 d3 47. Rf1 c4 48. Re1+ Kd6 49. Kh8 d2 50. Rd1 c3 51. h7 Rg2 52. a4 c2 53. Rh1 d1Q 54. Rh6+ Ke5 55. a5 Qd8# 0-1